LIBRARY & INFORMATION CENTRE, KCAET, TAVANUR

ONLINE PUBLIC ACCESS CATALOGUE (OPAC)

Normal view MARC view
  • ANNIE S. S

Entry Personal Name

Number of records used in: 1

001 - CONTROL NUMBER

  • control field: 3720

003 - CONTROL NUMBER IDENTIFIER

  • control field: OSt

005 - DATE AND TIME OF LATEST TRANSACTION

  • control field: 20181015102136.0

008 - FIXED-LENGTH DATA ELEMENTS

  • fixed length control field: 181015|| aca||aabn | a|a d

040 ## - CATALOGING SOURCE

  • Original cataloging agency: OSt
  • Transcribing agency: OSt

100 ## - HEADING--PERSONAL NAME

  • Personal name: ANNIE S. S

670 ## - SOURCE DATA FOUND

  • Source citation: Work cat.: (OSt)15166: ANNIE S. S, Comparison of different lining materials for field channels based on seepage characteristics
free website counter